000
00328nam a2200145Ia 4500
008
230718s9999 xx 000 0 und d
041
_a
Eng.
082
_a
423
_b
DIX-L
100
_a
Dixon, Engelman
245
0
_a
Listen to the Music
260
_a
Pakistan
_b
Mc Graw Hill
_c
2004
300
_a
218
650
_a
Law
999
_c
26154
_d
26154